000 00757nam a2200253Ia 4500
003 OSt
005 20220928121358.0
006 a|||||r|||| 00| 0
007 ta
008 220927b |||||||| |||| 00| 0 eng d
024 _a64414
037 _cTextual
040 _aSDCL
_cSDCL
_beng
041 _2eng
_aeng
082 _aZ,5, L7
100 _aGurr Ted Robert
_9451749
245 0 _aPolitics of crime and conflict
_b A comparative history of four cities
260 _aLondon
_bSage Publications
_c1977
300 _axii,792p.
_ccm.
700 _a Grabosky Peter N.
_9451750
700 _a Hula Richard C.
_9451751
942 _hZ,5, L7
_cTEXL
_2CC
999 _c765775
_d765775